| 000 | 01370cam a22004454i 4500 | ||
|---|---|---|---|
| 003 | PE-LiUPU | ||
| 005 | 20260219174310.0 | ||
| 008 | 150616s r 000 0 d | ||
| 035 | _a(Sirsi) a3431 | ||
| 040 |
_aPE-LiUPU _bspa _cPE-LiUPU _erda |
||
| 049 | _aPRUA | ||
| 082 | 0 | 4 |
_a985.017 _bP792d _223 |
| 100 | 1 |
_aPonce Sanginés, Carlos, _eautor. |
|
| 245 | 1 | 0 |
_aDescripción sumaria del templete semisubterráneo de Tiwanaku / _cCarlos Ponce Sanginés. |
| 264 | 1 |
_aLa Paz : _bCentro de investigaciones arqjueológicas en Tiwanaku, _c1964. |
|
| 300 |
_a89 páginas : _bilustraciones láms., fotos, planos, tablas ; _c23 centímetros. |
||
| 336 |
_atext _2rdacontent |
||
| 337 |
_aunmediated _2rdamedia |
||
| 338 |
_avolume _2rdacarrier |
||
| 504 | _aIncluye bibliografía. | ||
| 505 | 0 | _aDescripción sumaria del templete semisubterráneo de Tiwanaku. | |
| 526 | _aP136 | ||
| 526 | _aP135 | ||
| 526 | _aP134 | ||
| 526 | _aP133 | ||
| 526 | _aP144 | ||
| 526 | _aP143 | ||
| 526 | _aP87 | ||
| 526 | _aP35 | ||
| 526 | _aP20 | ||
| 526 | _aP14 | ||
| 526 | _aP10 | ||
| 526 | _aP06 | ||
| 650 | 1 | 0 |
_aCultura Tiahuanaco _94486 |
| 650 | 2 | 8 |
_aExcavaciones (Arqueología) _zBolivia _zTiahuanaco. _94487 |
| 910 | _ajck | ||
| 942 |
_2ddc _cBK |
||
| 999 |
_c42153 _d42153 |
||
| 980 |
_818226 _gJaime Vilcazán Jefe de Análisis Documental |
||